000 00429nam a22001817i 4500
001 1746
003 OSt
005 20170126082258.0
007 tu
008 161220s1986 xxu||||| |||| 00| 0 d
024 7 _a1745
_2RID
040 _cOSt
084 _a3.271
_a16.10
_2z
245 0 0 _aEastern Europe. Situation and Outlook
260 _aWashington D.C.,
_c1986.
300 _a50 S. ;
_c30cm.
110 2 _aU.S. Department of Agriculture
_eEd.
942 _cB
999 _c1727
_d1727